000 00603nam a2200241Ia 4500
003 OSt
005 20221005130505.0
006 a|||||r|||| 00| 0
007 ta
008 221004b |||||||| |||| 00| 0 eng d
024 _a55147
037 _cTextual
040 _aCRL
_cCRL
_beng
041 _2eng
_aeng
082 _aT:3:Q, K6
100 _aMathews HF
_9638218
245 0 _aRevolution in religious education
_b A commentary.
260 _c1966
650 _a TEACHING
_934578
650 _aEDUCATION
942 _hT:3:Q, K6
_cTEXL
_2cc
999 _c1057428
_d1057428